| 000 | 00542nam a22001457a 4500 | ||
|---|---|---|---|
| 999 |
_c533477 _d533477 |
||
| 008 | 260527b ||||| |||| 00| 0 eng d | ||
| 100 |
_aSaghar, Amol _960872 |
||
| 245 | _aMan behind the legends: tracing Golwalkar’s path to power | ||
| 260 | _aThe Book Review | ||
| 300 | _a49(2), Feb, 2025: p.38-40 | ||
| 520 | _aGolwalkar: The myth behind the man, the man behind the machine. By Dhirendra K. Jha, Simon and Schuster, 2024, 385.pp. Rs. 899.00. -Reproduced | ||
| 773 | _aThe Book Review | ||
| 906 | _aBOOK REVIEW | ||
| 942 | _cAR | ||